Science Quiz

Random Science Quiz

Brand to Generic Top 200 Spring 2014 Quiz Stats

 Plays Quiz not verified by Sporcle

Also try: 'B' in Science
Challenge
Share
Tweet
Embed
Score 0/51 Timer 20:00
0 Plays Today
Brand Name Generic Name % Correct
Xopenex HFALevalbuterol
100%
Solodyn, MinocinMinocycline
100%
AranespDarbepoetin
100%
ProAir HFA; Proventil HFA; Ventolin HFAAlbuterol
90%
CombiventAlbuterol
90%
Advair DiskusFluticasone
90%
SymbicortBudesonide
90%
MedrolMethylprednisolone
90%
KeflexCephalexin
90%
CeftinCefuroxime
90%
Biaxin (XL)Clarithromycin
90%
Zithromax, ZmaxAzithromycin
90%
FlagylMetronidazole
90%
AmoxilAmoxicillin
90%
Penicillin VKPenicillin V Potassium
90%
Cipro (XR)Ciprofloxacin
90%
LevaquinLevofloxacin
90%
ZymarGatifloxacin
90%
Doryx, VibramycinDoxycycline
90%
BactrobanMupirocin
90%
ValtrexValacyclovir HCl
90%
ZoviraxAcyclovir
90%
AvodartDutasteride
90%
HytrinTerazosin
90%
VesicareSolifenacin
90%
ViagraSildenafil
90%
Brand Name Generic Name % Correct
Flovent HFAFluticasone inhalation
80%
SpirivaTiotropium
80%
Nasacort AQTriamcinolone nasal
80%
OmnicefCefdinir
80%
AveloxMoxifloxacin
80%
DiflucanFluconazole
80%
TamifluOseltamivir
80%
NystatNystatin systemic
80%
FlomaxTamsulosin HCl
80%
CialisTadalafil
80%
NasonexMometasone nasal inhalation
70%
Cheratussin ACGuaifenesin and Codeine
70%
SingulairMontelukast
70%
PyridiumPhenazopyridine HCl
70%
MacrobidNitrofurantoin macrocrystal monohydrate
70%
KenalogTriamcinolone Acetonide topical
70%
Proscar (Propecia)Finasteride
70%
Ditropan XLOxybutynin chloride
70%
Sterapred DS & Prednisone IntensolPrednisone oral
60%
PeridexChlorhexidine gluconate
60%
Augmentin (XR)Amoxicillin|potassium clavulanate
60%
Bactrim DSTrimethoprim|sulfamethoxazole
60%
CleocinClindamycin systemic
50%
LotrisoneClotrimazole|betamethasone
50%
Detrol LATolterodine ER
40%

You're not logged in!

Compare scores with friends on all Sporcle quizzes.
Join for Free
OR
Log In

You Might Also Like...

Show Comments

Extras

Created Sep 4, 2014ReportNominate
Tags:200, 2014, brand, generic, spring, Top 200

Top Quizzes Today


Score Distribution

Your Account Isn't Verified!

In order to create a playlist on Sporcle, you need to verify the email address you used during registration. Go to your Sporcle Settings to finish the process.

Report this User

Report this user for behavior that violates our Community Guidelines.

Details: